000 01096nam a2200349 i 4500
999 _c1998
_d1998
001 016840547
003 Uk
005 20230223083608.0
008 140827r20142002enka j |0|0 1|eng
015 _aGBB554367
_2bnb
016 7 _a016840547
_2Uk
020 _a9781406356458
040 _aUk
_beng
_cUk
_erda
_dKH8
042 _aukblsr
082 0 4 _a823.914 WAD
_223
100 1 _aWaddell, Martin,
_eauthor.
245 1 0 _aSnow bears /
_cMartin Waddell ; illustrated by Sarah Fox-Davies.
264 1 _aLondon :
_bWalker Books,
_c2014.
264 4 _c©2002
300 _a24 unnumbered pages :
_bchiefly illustrations (colour) ;
_c15 x 18 cm.
336 _atext
_2rdacontent
336 _astill image
_2rdacontent
336 _athree-dimensional form
_2rdacontent
337 _aunmediated
_2rdamedia
338 _avolume
_2rdacarrier
490 0 _aA mini pop-up classic
500 _aOriginally published: 2002.
650 0 _aSnow
_vPictorial works
_vJuvenile fiction.
655 0 _aChildren's stories
_vPictorial works.
700 1 _aFox-Davies, Sarah,
_eillustrator.
942 _2ddc
_cNFIC